| 000 | 00751nam a2200229 a 4500 | ||
|---|---|---|---|
| 005 | 20230927063727.0 | ||
| 008 | 030813s19962001mx r 000 0 spa d | ||
| 020 | _a9586162923 | ||
| 035 | _aUPN01000127876 | ||
| 049 | _aCG | ||
| 050 | 4 |
_aK5065 _bK5.2 |
|
| 100 | 1 | _aKindhäuser, Urs | |
| 245 | 1 | 0 |
_aDerecho penal de la culpabilidad y conducta peligrosa / _cUrs Kindhäuser ; tr. de Claudia López Díaz. |
| 260 |
_aBogotá : _bUniversidad Externado de Colombia, _c1996 (2001 impr.). |
||
| 300 | _a140 p. | ||
| 440 | 0 |
_aColección de estudios ; _v9 |
|
| 534 |
_pTraducción de: _tRechtsgüterschutz durch verletzungs |
||
| 650 | 4 |
_aCulpa (Derecho) _91487 |
|
| 650 | 2 |
_aDerecho penal _913302 |
|
| 650 | 4 | _aRESPONSABILIDAD PENAL | |
| 905 | _aLibro | ||
| 999 |
_c100055 _d100055 |
||